|
|
|
|
| LEADER |
01951nam a2200385 a 4500 |
| 001 |
15493246 |
| 008 |
101019s2010 caua b 001 0 eng d |
| 010 |
|
|
|a 2008044384
|
| 020 |
|
|
|a 0321584201
|
| 020 |
|
|
|a 9780321584205
|
| 020 |
|
|
|a 9780321550071 (Student ed.)
|
| 020 |
|
|
|a 0321550072 (Student ed.)
|
| 020 |
|
|
|a 9780321582027 (Professional copy)
|
| 020 |
|
|
|a 0321582020 (Professional copy)
|
| 040 |
|
|
|a DNLM/DLC
|c DLC
|d BD-DhAAL
|
| 082 |
0 |
0 |
|a 579
|2 22
|
| 100 |
1 |
|
|a Tortora, Gerard J.
|
| 245 |
1 |
0 |
|a Microbiology :
|b an introduction /
|c Gerard J. Tortora, Berdell R. Funke, Christine L. Case.
|
| 250 |
|
|
|a 10th ed.
|
| 260 |
|
|
|a San Francisco, CA :
|b Pearson Benjamin Cummings,
|c c2010.
|
| 300 |
|
|
|a xxxi,812,AN-22,AP-22,G-17, I-52 :
|b col. ill. ;
|c 29 cm.
|
| 504 |
|
|
|a Includes bibliographical references and index.
|
| 541 |
|
|
|e 00021360
|
| 650 |
|
0 |
|a Microbiology
|v Textbooks.
|
| 650 |
1 |
2 |
|a Microbiology.
|
| 700 |
1 |
|
|a Funke, Berdell R.
|
| 700 |
1 |
|
|a Case, Christine L.,
|d 1948-
|
| 852 |
4 |
|
|a Ayesha Abed Library
|j General shelf
|
| 942 |
0 |
0 |
|0 2
|
| 999 |
|
|
|c 9823
|d 9823
|
| 952 |
|
|
|0 0
|1 0
|2 ddc
|4 0
|6 579_000000000000000_TOR_2010
|7 0
|9 12574
|a BRACUL
|b BRACUL
|c GEN
|d 2010-10-19
|l 67
|m 286
|o 579 TOR
|p 3010021360
|q 2026-05-21
|r 2025-11-24
|s 2025-11-24
|t 1
|w 2010-10-19
|y BK
|
| 952 |
|
|
|0 0
|1 0
|2 ddc
|4 0
|6 579_000000000000000_TOR_2010
|7 0
|9 12575
|a PHR
|b PHR
|c GEN
|d 2010-10-19
|l 27
|m 174
|o 579 TOR
|p 3010021361
|r 2017-05-23
|s 2017-05-07
|t 2
|w 2010-10-19
|y BK
|
| 952 |
|
|
|0 0
|1 4
|2 ddc
|4 0
|6 579_000000000000000_TOR
|7 0
|9 12576
|a BRACUL
|b BRACUL
|c GEN
|d 2010-10-19
|l 0
|o 579 TOR
|p 3010021362
|r 2010-10-19
|t 3
|w 2010-10-19
|y BK
|x Koha Inventory 2020
|
| 952 |
|
|
|0 0
|1 4
|2 ddc
|4 0
|6 579_000000000000000_TOR
|7 0
|9 12577
|a BRACUL
|b BRACUL
|c GEN
|d 2010-10-19
|l 0
|o 579 TOR
|p 3010021363
|r 2010-10-19
|t 4
|w 2010-10-19
|y BK
|x Koha Inventory 2020
|
| 952 |
|
|
|0 0
|1 0
|2 ddc
|4 0
|6 579_000000000000000_TOR_2010
|7 0
|9 12579
|a BRACUL
|b BRACUL
|c GEN
|d 2010-10-19
|l 53
|m 312
|o 579 TOR
|p 3010021364
|r 2026-02-22
|s 2025-09-24
|t 5
|w 2010-10-19
|y BK
|